Territoires de GDT V1 - Statistiques

Statistiques générales
  • Ce quiz a été pris 3 fois
  • Le résultat moyen est 15 sur 31
Statistiques - réponses
Réponse % Correct
Empire Gérmanique
100%
Empire Hartémique
100%
Empire Hédachien
100%
Empire Rwiss
100%
Empire Tartutien
100%
Japon
100%
Lorraine
100%
Nouvelle-Tartutie
100%
PLLW
100%
Alsace
50%
Empire Bis-Hartémique
50%
Empire Tartwissien
50%
Indo-Konstantie
50%
Konstantie
50%
Konstantie indonésienne
50%
Lorraine indépendante
50%
Madagascar
50%
Moselle
50%
Principauté d'Amazonie
50%
Proxinil
50%
Sri Lanka
50%
Al-Radid
0%
Anatolie
0%
Emirats de Konstantie
0%
Empire Adrique
0%
Empire Hermétien
0%
Empire Océano-Asiatique
0%
Latrie
0%
Loruwissie
0%
Norisland
0%
Poluviats
0%
Aucun quiz correspondant
Distribution des résultats
% des personnes avec chaque résultat
Percentile par nombre de réponses
Votre historique - résultats
Vous n’avez pas pris ce quiz